Predikcia odchodu zákazníkov pomocou metód analýzy prežitia
Možnosti použitia metód známych z oblasti analýzy prežitia a problém odlivu zákazníkov, ktoré sa bežne aplikujú v oblasti životného poistenia. Faktory, ktoré môžu tento jav vysvetľovať. Analýza prežitia nám umožňuje opísať odliv z pohľadu individuálneho zákazníka.
Salvato in:
| Autore principale: | |
|---|---|
| Altri autori: | |
| Natura: | Capitolo di libro |
| Lingua: | slovacco |
| Soggetti: | |
| Tags: |
Nessun Tag, puoi essere il primo ad aggiungerne!!
|
MARC
| LEADER | 00000nla a2200000 4500 | ||
|---|---|---|---|
| 001 | 0195730 | ||
| 005 | 20240502073304.7 | ||
| 041 | 0 | |a slo | |
| 044 | |a SK | ||
| 245 | 1 | 0 | |a Predikcia odchodu zákazníkov pomocou metód analýzy prežitia |c Ivan Brezina ml., Andrej Mišovič |
| 520 | |a Možnosti použitia metód známych z oblasti analýzy prežitia a problém odlivu zákazníkov, ktoré sa bežne aplikujú v oblasti životného poistenia. Faktory, ktoré môžu tento jav vysvetľovať. Analýza prežitia nám umožňuje opísať odliv z pohľadu individuálneho zákazníka. | ||
| 610 | 2 | 0 | |a regresia |
| 610 | 2 | 0 | |a funkcie regresné |
| 610 | 2 | 0 | |a analýza faktorová |
| 610 | 2 | 0 | |a metódy ekonomicko-matematické |
| 610 | 2 | 0 | |a pravdepodobnosť |
| 610 | 2 | 0 | |a správanie cieľové |
| 100 | 1 | |a Brezina, Ivan, ml. | |
| 700 | 1 | |a Mišovič, Andrej, 1984- | |